Southville International School and Colleges
Your cart is empty.
  • Cart
  • Lists
    Public lists Eva Luna New books Lux_list list_1
    Your lists Log in to create your own lists
  • Log in to your account
  • Your cookies
  • Search history
Southville International School and Colleges
  • Advanced search
  • Recent comments
  • Most popular
  • Libraries

Log in to your account

Log in with GOOGLE


If you do not have an external account, but do have a local account, you can still log in:

  1. Home
  2. MARC view: How do octopi eat pizza pie? :
Normal view MARC view ISBD view

How do octopi eat pizza pie? : (Record no. 103106)

[ view plain ]
MARC details
000 -LEADER
fixed length control field 00774nam a2200205 a 4500
005 - DATE AND TIME OF LATEST TRANSACTION
control field 20140412111250.0
008 - FIXED-LENGTH DATA ELEMENTS--GENERAL INFORMATION
fixed length control field 030414s19uu xx 00 eng d
020 ## - INTERNATIONAL STANDARD BOOK NUMBER
International Standard Book Number 0-8094-9950-9
050 ## - LIBRARY OF CONGRESS CALL NUMBER
Classification number TR(GS 510
Item number H66 1992
245 ## - TITLE STATEMENT
Title How do octopi eat pizza pie? :
Remainder of title pizza math.
260 ## - PUBLICATION, DISTRIBUTION, ETC. (IMPRINT)
Place of publication, distribution, etc Alexandria, Virginia :
Name of publisher, distributor, etc Time Life for Children,
Date of publication, distribution, etc 1992.
300 ## - PHYSICAL DESCRIPTION
Extent 63 p. ; ill.
440 ## - SERIES STATEMENT/ADDED ENTRY--TITLE
Title I Love Math
520 ## - SUMMARY, ETC.
Summary, etc A collection of stories, poems, games, and activities, all focusing on food, introduce such basic mathematical skills as number awareness, addition, subtraction, and estimation.
650 ## - SUBJECT ADDED ENTRY--TOPICAL TERM
Topical term or geographic name as entry element Mathematics-Juvenile literature
650 ## - SUBJECT ADDED ENTRY--TOPICAL TERM
Topical term or geographic name as entry element Food--Juvenile literature
650 ## - SUBJECT ADDED ENTRY--TOPICAL TERM
Topical term or geographic name as entry element Mathematical recreations
650 ## - SUBJECT ADDED ENTRY--TOPICAL TERM
Topical term or geographic name as entry element Food--Miscellanea
Holdings
Withdrawn status Lost status Damaged status Use restrictions Home library Current library Shelving location Date acquired Source of acquisition Total Checkouts Full call number Barcode Date last seen Price effective from Koha item type
        Elizalde Library Elizalde Library Teachers Reference Section 04/14/2003     TR(GS 510 H66 1992 E3877 04/12/2014 04/12/2014 Books

How do octopi eat pizza pie? :

APA

(1992). How do octopi eat pizza pie?. Alexandria, Virginia: Time Life for Children.

Chicago

1992. How do octopi eat pizza pie?. Alexandria, Virginia: Time Life for Children.

Harvard

(1992). How do octopi eat pizza pie?. Alexandria, Virginia: Time Life for Children.

MLA

How do octopi eat pizza pie?. Alexandria, Virginia: Time Life for Children. 1992.

  • Place hold
  • Print
  • Cite
  • Add to your cart (remove)
  • Save record
    BIBTEX Dublin Core MARCXML MARC (non-Unicode/MARC-8) MARC (Unicode/UTF-8) MARC (Unicode/UTF-8, Standard) MODS (XML) RIS
  • More searches
    Search for this title in:
    Other Libraries (WorldCat) Other Databases (Google Scholar) Online Stores (Bookfinder.com) Open Library (openlibrary.org)

Exporting to Dublin Core...

SOUTHVILLE LIBRARY

Southville International School and Colleges Library

1281 Tropical Ave. Cor. Luxembourg St., BF Homes International, Las Pinas City

Tel. No. 8256374 / 252358 Loc. 117/146

Powered by Koha